Méthodes statistiques a l'usage des médecins et des biologistes / (Record no. 140351)

MARC details
000 -LEADER
campo de control de longitud fija 00641nam a2200205 4500
001 - NÚMERO DE CONTROL
campo de control 140351
003 - IDENTIFICADOR DE NÚMERO DE CONTROL
campo de control ES-MaACL
005 - FECHA Y HORA DE LA ÚLTIMA TRANSACCIÓN
campo de control 20230906200048.0
007 - CAMPO FIJO DE DESCRIPCIÓN FÍSICA--INFORMACIÓN GENERAL
campo de control de longitud fija t|
008 - DATOS DE LONGITUD FIJA--INFORMACIÓN GENERAL
campo de control de longitud fija 070214s1975 fr r ||||1| fre d
100 1# - ENTRADA PRINCIPAL--NOMBRE DE PERSONA
Nombre de persona Schwartz, Daniel.
9 (RLIN) 104864
245 10 - MENCIÓN DEL TÍTULO
Título Méthodes statistiques a l'usage des médecins et des biologistes /
Mención de responsabilidad, etc. Daniel Schwartz.
250 ## - MENCION DE EDICION
Mención de edición 3ª. ed.
260 ## - PUBLICACIÓN, DISTRIBUCIÓN, ETC.
Lugar de publicación, distribución, etc. Paris :
Nombre del editor, distribuidor, etc. Ernst Flammarion,
Fecha de publicación, distribución, etc. 1975.
300 ## - DESCRIPCIÓN FÍSICA
Extensión 318 p. ;
Dimensiones 24 cm.
490 1# - MENCIÓN DE SERIE
Mención de serie Statistique en Biologie et en médecine
830 0# - PUNTO DE ACCESO ADICIONAL DE SERIE-TÍTULO UNIFORME
Título uniforme Statistique en Biologie et en médecine
9 (RLIN) 220321
852 ## - LOCALIZACIÓN
Ubicación ES-MaACL
Número de control de estantería A-6460
Sublocalización o colección R.95407
Holdings
Estatus retirado Estado de pérdida Estado de daño No para préstamo Biblioteca de origen Biblioteca actual Ubicación en estantería Fecha de adquisición Fuente de adquisición Total de préstamos Signatura topográfica completa Código de barras Visto por última vez Precio de reemplazo Tipo de ítem Koha
        Biblioteca del Ateneo de Madrid Biblioteca del Ateneo de Madrid Sala Pecera Planta 1 17/01/2008     A-6460 1146052 23/02/2023 23/02/2023 Libro impreso